000 01118nam a2200229Ia 4500
001 L570-26169
003 IT-CnALBA
008 170116s9999||||xx |||||||||||||| ||und||
040 _aIT-CnALBA
_cIT-CnALBA
041 _aITALIANO
100 _aSENZA AUTORE
245 0 _aMERAVIGLIE DELLA BIOLOGIA.
250 _a1a ed.
260 _a TORINO. NOVARA
_bDE AGOSTINI TIPOGRAFIA
_c1973 [1° Ed.:1973 - Ed.Ling.Originale: 1973]
300 _a356 p.
500 _aBIOLOGIA: VITA, CELLULA, CROMOSOMI. EREDITARIETA' GENETICA. EMBRIONE. ENZIMI. OSMOSI. SIMBIOSI. GAMETI. METAMORFOSI. IMPOLLINAZIONE. FOSSILI. RAZZE UMANE. MEDICINA E UOMO. RESPIRAZIONE. NUTRIZIONE. EPIDEMIE. TOSSICOSI.
501 _aSocietà San Paolo EM - Piazza San Paolo, 14 - 12051 ALBA (CN) (non commercial uses only) ® Copyright 2017
520 _aBIOLOGIA: VITA, CELLULA, CROMOSOMI. EREDITARIETA' GENETICA. EMBRIONE. ENZIMI. OSMOSI. SIMBIOSI. GAMETI. METAMORFOSI. IMPOLLINAZIONE. FOSSILI. RAZZE UMANE. MEDICINA E UOMO. RESPIRAZIONE. NUTRIZIONE. EPIDEMIE. TOSSICOSI.
650 _aSCIENZE DELLA VITA
942 _cBK
957 _71
999 _a30956
_bNO
_g Copie: 1
_c285281
_d285281